| 000 | 01706nam a2200301 a 4500 | ||
|---|---|---|---|
| 005 | 20200104041623.0 | ||
| 008 | 130419s2011 ck a gr 00010dspa d | ||
| 015 | _ack-2011-xxxx | ||
| 020 | _a9789587164978 | ||
| 040 |
_aCO-BoIAVH _cCO-BoIAVH |
||
| 041 | 0 | _aspa | |
| 043 | _as-ck--- | ||
| 082 | 0 | 4 |
_a577 _bC87m |
| 111 | 1 |
_aCurso en Ecología y Conservación de la Biodiversidad Neotropical, Santuario de Fauna y Flora Otún Quimbaya (Risaralda) Colombia, _cQuimbaya, Quindío _d10-24 de junio de 2011 _934428 |
|
| 245 | 1 | 0 |
_aMemorias del Curso en Ecología y Conservación de la Biodiversidad Neotropical, Santuario de Fauna y Flora Otún Quimbaya (Risaralda) Colombia, _ceditado por Juan Davie Amaya-Espinel ...[et al] |
| 260 |
_aBogotá _bFundación Maconde _bPontificia Universidad Javeriana _c2011 |
||
| 300 |
_a163 p. : _bil. ; _c24 cm. |
||
| 504 | _aIncluye bibliografía. | ||
| 650 |
_aEcología _zSantuario de Fauna y Flora Otún Quimbaya (Risaralda, Colombia) _vCongresos, conferencias, etc. _934429 |
||
| 650 |
_aDiversidad biológica _zSantuario de Fauna y Flora Otún Quimbaya (Risaralda, Colombia) _vCongresos, conferencias, etc. _934430 |
||
| 650 |
_aHormigas _xHábitos y conducta _zSantuario de Fauna y Flora Otún Quimbaya (Risaralda, Colombia) _vCongresos, conferencias, etc. _934431 |
||
| 650 | 4 |
_aConservación de los recursos naturales _zSantuario de Fauna y Flora Otún Quimbaya (Risaralda, Colombia) _vCongresos, conferencias, etc. _934432 |
|
| 700 | 1 |
_aAmaya-Espinel, Juan David _eed _9258 |
|
| 700 | 1 |
_aBedoya-Montalvo, Juan José _eed _912147 |
|
| 700 | 1 |
_aCruz- Godoy, Juan Camilo De la _ded _934434 |
|
| 700 | 1 |
_aUrbina-Cardona, José Nicolás _912149 |
|
| 942 |
_2ddc _cImpreso _01 |
||
| 999 |
_c8166 _d8166 |
||